| 000 | 00592nam a2200241 a 4500 | ||
|---|---|---|---|
| 001 | nice12345678 | ||
| 003 | IN_TiNIC | ||
| 005 | 20260116014611.0 | ||
| 008 | 050524s1998 alia grp 000 0 urd | ||
| 020 |
_a _c100 |
||
| 082 | 0 | 0 |
_a891.4393 _bHAI1 |
| 100 | _aHaider, Qurratul-Ain | ||
| 245 | _aAakhir-E-Shab Ke Hamsafar | ||
| 260 |
_aAligarh _bEducational Book House _c1998 |
||
| 300 | _a351p | ||
| 500 | _aincludes index and biblioraphy | ||
| 505 | 2 | _aGlossary | |
| 650 | _aUrdu-Fiction | ||
| 700 | 1 | _aHaider, Qurratul-Ain | |
| 902 | _bSRS | ||
| 942 | _cBK | ||
| 999 |
_c16168 _d16168 |
||